Dinosaurs of India / (Record no. 104554)

MARC details
000 -LEADER
fixed length control field 00559nam a22001817a 4500
005 - DATE AND TIME OF LATEST TRANSACTION
control field 20161109124807.0
010 ## - LCCN (DPL NO)
LC control number ENG-116493
020 ## - INTERNATIONAL STANDARD BOOK NUMBER
International Standard Book Number 9788123777795
Terms of availability 140.00
035 ## - SYSTEM CONTROL NUMBER
System control number EN-100025
037 ## - SOURCE OF ACQUISITION
Source of stock number/acquisition DBAD/PUB
082 ## - DEWEY DECIMAL CLASSIFICATION NUMBER
Classification number 567.954
100 ## - MAIN ENTRY--PERSONAL NAME
Personal name Sahni,Ashok
245 ## - TITLE STATEMENT
Title Dinosaurs of India /
Statement of responsibility, etc by Ashok Sahani
260 ## - PUBLICATION, DISTRIBUTION, ETC. (IMPRINT)
Place of publication, distribution, etc New Delhi
Name of publisher, distributor, etc National Book Trust
Date of publication, distribution, etc 2016
270 ## - ADDRESS
Address Nehru Bhawan, 5 Industrial Area Phase-II,vasant Kunj
City New Delhi
Postal code 110070
300 ## - PHYSICAL DESCRIPTION
Extent xi,113p. :
Dimensions 21cm (Hb)
Other physical details ill (col.)
942 ## - ADDED ENTRY ELEMENTS (KOHA)
Source of classification or shelving scheme Dewey Decimal Classification
Item type English Books
Classification part 567.954
Call number suffix SAH
Holdings
Withdrawn status Lost status Not for loan Collection code Home library Current library Date acquired Source of acquisition Cost, normal purchase price Full call number Barcode Copy number Cost, replacement price Koha item type
      Non-fiction Narela Narela 09/11/2016 DBAD/PUB 140.00 567.954 SAH EN-100025 1 140.00 English Books

© Delhi Public Library
Hit Counter
free hit counter